Psychic Type Pokemon Moves - Statistics

General Stats
  • This quiz has been taken 72 times
  • The average score is 34 of 67
Answer Stats
Hint Answer % Correct
P Psybeam
98%
P Psychic
98%
C Confusion
88%
P Psyshock
88%
P Psycho Cut
80%
T Trick
78%
K Kinesis
76%
T Teleport
76%
P Psystrike
73%
T Telekinesis
73%
T Trick Room
73%
P Psychic Terrain
71%
P Psywave
71%
C Calm Mind
68%
R Reflect
68%
F Future Sight
66%
P Psychic Fangs
63%
Z Zen Headbutt
63%
H Hypnosis
61%
P Psycho Boost
61%
P Power Swap
59%
D Dream Eater
56%
M Magic Room
56%
A Agility
54%
B Barrier
54%
G Guard Swap
54%
M Mirror Coat
54%
R Rest
54%
W Wonder Room
54%
A Amnesia
49%
E Extrasensory
49%
M Max Mindstorm
49%
S Skill Swap
49%
H Heart Stamp
46%
H Heart Swap
46%
G Guard Split
44%
L Luster Purge
44%
M Magic Coat
44%
P Prismatic Laser
44%
P Psycho Shift
44%
C Cosmic Power
41%
H Healing Wish
41%
I Imprison
41%
L Lunar Dance
41%
M Meditate
41%
M Mist Ball
41%
P Power Split
41%
H Heal Block
39%
P Power Trick
39%
G Genesis Supernova
37%
G Gravity
37%
M Magic Powder
37%
P Photon Geyser
37%
S Shattered Psyche
37%
S Synchronoise
37%
E Expanding Force
34%
S Speed Swap
32%
M Miracle Eye
29%
S Stored Power
29%
A Ally Switch
27%
G Glitzy Glow
27%
G G-Max Gravitas
27%
L Light That Burns The Sky
27%
H Heal Pusle
24%
H Hyperspace Hole
24%
R Role Play
22%
I Instruct
20%
No matching quizzes found
Score Distribution
Percent of People with Each Score
Percentile by Number Answered
Your Score History
You have not taken this quiz